The Simpsons-Character Quiz Level 16 - Statistics

General Stats
  • This quiz has been taken 6 times
  • The average score is 5 of 16
Answer Stats
Picture Answer % Correct
Cecil Terwilliger
100%
Gabbo
100%
Mary Spuckler
75%
Annika Van Houten
25%
Dr. J. Loren Pryor
25%
Francesca Terwilliger
25%
Gino Terwilliger
25%
Mr. Winfield
25%
Rachel Jordan
25%
Strawberry
25%
Sylvia Winfield
25%
Dr. S
0%
Howard, Jr.
0%
Jeremy Jailbird
0%
Milo
0%
Ronaldo
0%
No matching quizzes found
Score Distribution
Percent of People with Each Score
Percentile by Number Answered
Your Score History
You have not taken this quiz